[Event "Ulm2007"]
[Site "Privat"]
[Date "2007.10.26"]
[Round "4"]
[White "Rissmann, Klaus"]
[Black "Zierke, Markus"]
[Result "1/2-1/2"]
[WhiteElo "1494"]
[BlackElo "1763"]
[Annotator "Goda,Frederic"]
[PlyCount "80"]
[EventDate "2007.??.??"]
[TimeControl "40/5400+30:900+30"]

{512MB, Fritz8.ctg, SCHACHCOMP} 1. e4 c6 2. d4 d5 3. e5 Bf5 4. Bd3 Bxd3 5. Qxd3
e6 6. Nf3 Qb6 7. Nbd2 c5 8. dxc5 Bxc5 9. O-O Nc6 10. c3 Qc7 11. Re1 Nge7 12.
Nb3 Bb6 13. Bf4 Ng6 14. Bg3 h5 15. h4 Nge7 16. Nfd4 a6 17. Re2 Na5 18. Nxa5
Bxa5 19. f4 Bb6 20. Bf2 g6 21. Rc2 Rc8 22. Rac1 Nc6 23. Nxc6 Bxf2+ 24. Kxf2
Qxc6 25. b3 O-O 26. Qd4 b5 27. Kf3 a5 28. g4 hxg4+ 29. Kxg4 a4 30. c4 dxc4 31.
bxc4 Rfd8 32. cxb5 Qb7 33. Qxa4 Rxc2 34. Qxc2 Qxb5 35. a4 Qd5 36. Kg3 Qd4 37.
Kf3 Ra8 38. Qc4 Rxa4 39. Qxd4 Rxd4 40. Rg1 Kg7 1/2-1/2

[Event "Ulm2007"]
[Site "Privat"]
[Date "2007.12.30"]
[Round "6"]
[White "Schulze, Andreas"]
[Black "Anistratov, Dimitrij"]
[Result "0-1"]
[WhiteElo "2146"]
[BlackElo "2314"]
[Annotator "Goda,Frederic"]
[PlyCount "134"]
[EventDate "2007.??.??"]
[TimeControl "40/5400+30:900+30"]

{512MB, Fritz8.ctg, SCHACHCOMP} 1. e4 d6 2. d4 Nf6 3. Nc3 e5 4. Nf3 Nbd7 5. Bc4
Be7 6. O-O O-O 7. Bb3 c6 8. a4 exd4 9. Nxd4 Nc5 10. Qe2 Nxb3 11. Nxb3 Re8 12.
Qd3 Ng4 13. Bf4 Ne5 14. Bxe5 dxe5 15. Qg3 Bh4 16. Qf3 Qf6 17. Qe2 Qg6 18. Rad1
Be7 19. Nc1 Bh3 20. f3 Be6 21. b3 Bc5+ 22. Kh1 Qg5 23. Nd3 Bd4 24. Qe1 Rad8 25.
Ne2 Qe7 26. Nxd4 exd4 27. Qd2 c5 28. Nb2 h6 29. Qd3 b6 30. Rde1 Qc7 31. Nc4 Qb7
32. Nd2 Rf8 33. g4 Qc7 34. Rg1 Qf4 35. Rg3 Rc8 36. Nc4 Bxc4 37. bxc4 Rfe8 38.
Kg2 Re5 39. h4 Rc6 40. g5 h5 41. Kh3 Rg6 42. Reg1 Re7 43. R1g2 Rd7 44. Qa3 Qe3
45. Qxe3 dxe3 46. Re2 Rd4 47. Rxe3 Rxc4 48. f4 Rd6 49. c3 Rxa4 50. e5 Rd1 51.
Kg2 Rxf4 52. g6 fxg6 53. Rxg6 Rg4+ 54. Rxg4 hxg4 55. Kg3 Kf7 56. e6+ Ke7 57.
Kxg4 Rd5 58. Kf4 b5 59. Rg3 Kf6 60. e7 Rf5+ 61. Kg4 Re5 62. Kf4 Rxe7 63. h5 b4
64. Rg6+ Kf7 65. Rc6 Rb7 66. cxb4 cxb4 67. Rc2 b3 0-1

[Event "Ulm2007"]
[Site "Privat"]
[Date "2007.11.30"]
[Round "6"]
[White "Gebhardt, Uwe"]
[Black "Sander, Luzia"]
[Result "1-0"]
[WhiteElo "1995"]
[BlackElo "1908"]
[Annotator "Goda,Frederic"]
[PlyCount "109"]
[EventDate "2007.??.??"]
[TimeControl "40/5400+30:900+30"]

{512MB, Fritz8.ctg, SCHACHCOMP} 1. d4 d5 2. c4 e6 3. Nc3 c6 4. cxd5 exd5 5. Qc2
Be7 6. Bf4 Nf6 7. e3 a5 8. Bd3 Na6 9. a3 Be6 10. Be5 Nd7 11. Bxg7 Rg8 12. Bh6
Rxg2 13. Bf4 Bg5 14. Bf1 Rg4 15. Bg3 Qf6 16. f4 Bh4 17. Qf2 Bxg3 18. hxg3 Qg6
19. Nf3 Rxg3 20. Ng5 Rxg5 21. fxg5 Nc7 22. Qf4 O-O-O 23. O-O-O Bf5 24. Rh6 Ne6
25. Rxg6 Nxf4 26. Rg7 Ne6 27. Rxf7 Bg6 28. Re7 Nxg5 29. Bg2 Rg8 30. Rg1 h6 31.
Bxd5 cxd5 32. Nxd5 Rf8 33. Rg7 Bd3 34. Nf4 Be4 35. b3 Rf6 36. Kb2 Nb6 37. Rc1+
Rc6 38. Rc5 a4 39. Rxc6+ bxc6 40. Rg8+ Kd7 41. bxa4 Nxa4+ 42. Kb3 Nb6 43. Kb4
Ne6 44. Nxe6 Kxe6 45. Rh8 Nd5+ 46. Kc5 Nxe3 47. Rxh6+ Ke7 48. a4 Nf5 49. Rh7+
Kd8 50. a5 Bd3 51. Rh3 Be2 52. Rh2 Bd3 53. Rd2 Be4 54. a6 Kc7 55. Rb2 1-0

[Event "Ulm2007"]
[Site "Privat"]
[Date "2007.11.30"]
[Round "6"]
[White "Smolny, Frieder"]
[Black "Hoffart, Alexander"]
[Result "1-0"]
[WhiteElo "1928"]
[BlackElo "1955"]
[Annotator "Goda,Frederic"]
[PlyCount "47"]
[EventDate "2007.??.??"]
[TimeControl "40/5400+30:900+30"]

{512MB, Fritz8.ctg, SCHACHCOMP} 1. Nf3 Nf6 2. c4 e6 3. g3 d5 4. d4 dxc4 5. Bg2
c5 6. O-O Nc6 7. Qa4 Bd7 8. Qxc4 cxd4 9. Nxd4 Rc8 10. Nc3 Nxd4 11. Qxd4 Bc5 12.
Qh4 Bc6 13. Bg5 Bxg2 14. Kxg2 Qd4 15. Bxf6 gxf6 16. Qh6 Bf8 17. Qh5 f5 18. Rad1
Qb6 19. e4 fxe4 20. Nxe4 Be7 21. Rfe1 Rc2 22. Nd6+ Bxd6 23. Rxe6+ Kf8 24. Qh6+
1-0

[Event "Ulm2007"]
[Site "Privat"]
[Date "2007.11.30"]
[Round "6"]
[White "Gallwitz, Helge"]
[Black "Lainburg, Viktor"]
[Result "1-0"]
[WhiteElo "2070"]
[BlackElo "2010"]
[Annotator "Goda,Frederic"]
[PlyCount "72"]
[EventDate "2007.??.??"]
[TimeControl "40/5400+30:900+30"]

{512MB, Fritz8.ctg, SCHACHCOMP} 1. e4 Nf6 2. e5 Nd5 3. d4 d6 4. c4 Nb6 5. exd6
exd6 6. Bd3 Nc6 7. Ne2 Nb4 8. O-O Nxd3 9. Qxd3 Be7 10. Nbc3 O-O 11. a4 a5 12.
b3 Re8 13. Ng3 g6 14. f4 f5 15. Re1 Bf6 16. Ba3 Be6 17. Ra2 Bf7 18. Rae2 Rxe2
19. Ngxe2 d5 20. c5 Nd7 21. Nb5 Nf8 22. Rc1 Qd7 23. Kf2 Ne6 24. Qc3 Nd8 25. Re1
Nc6 26. Nc1 Re8 27. Nd3 Re4 28. Rxe4 dxe4 29. Ne5 Bxe5 30. dxe5 Qd1 31. e6 e3+
32. Qxe3 Qc2+ 33. Kg3 Be8 34. Nxc7 Kf8 35. e7+ Nxe7 36. Nxe8 Kxe8 1-0

[Event "Ulm2007"]
[Site "Privat"]
[Date "2007.11.30"]
[Round "6"]
[White "Maier, Arnd"]
[Black "Zahn, Achim"]
[Result "1-0"]
[WhiteElo "2047"]
[BlackElo "1488"]
[Annotator "Goda,Frederic"]
[PlyCount "109"]
[EventDate "2007.??.??"]
[TimeControl "40/5400+30:900+30"]

{512MB, Fritz8.ctg, SCHACHCOMP} 1. d4 d5 2. Nf3 e6 3. Bf4 Bd6 4. Bxd6 Qxd6 5.
Qd2 Nf6 6. Nc3 c6 7. e3 O-O 8. Ne5 Nbd7 9. f4 a6 10. Bd3 c5 11. h3 c4 12. Be2
b5 13. Bf3 Rb8 14. g4 Ne8 15. g5 Nxe5 16. fxe5 Qe7 17. Qg2 b4 18. Ne2 b3 19.
axb3 cxb3 20. c3 Bb7 21. Nc1 Bc6 22. Bd1 Nc7 23. Nxb3 Bb5 24. Nc5 Rb6 25. Bc2
Ra8 26. Ra5 Bc4 27. b3 Bb5 28. Qg4 Be8 29. Qh4 g6 30. Qg4 Nb5 31. Kd2 Qc7 32.
Rha1 Qc8 33. Bd3 Rab8 34. Rxa6 Rxa6 35. Rxa6 Nc7 36. Ra1 Ra8 37. Qg1 Bb5 38.
Bxb5 Nxb5 39. Qf1 Rxa1 40. Qxa1 Qd8 41. h4 h6 42. Qa4 Nxc3 43. Kxc3 hxg5 44.
hxg5 Qxg5 45. b4 Qxe3+ 46. Nd3 g5 47. b5 g4 48. b6 g3 49. b7 g2 50. b8=Q+ Kg7
51. Qae8 g1=Q 52. Qh8+ Kg6 53. Qf6+ Kh5 54. Qbh8+ Kg4 55. Qhh4# 1-0

[Event "Ulm2007"]
[Site "Privat"]
[Date "2007.12.30"]
[Round "6"]
[White "Locher, Klaus"]
[Black "Wolf, Rainer"]
[Result "1-0"]
[WhiteElo "1816"]
[BlackElo "1989"]
[Annotator "Goda,Frederic"]
[PlyCount "109"]
[EventDate "2007.??.??"]
[TimeControl "40/5400+30:900+30"]

{512MB, Fritz8.ctg, SCHACHCOMP} 1. e4 g6 2. c4 Bg7 3. g3 c5 4. Bg2 Nc6 5. Ne2
d6 6. Nbc3 Nf6 7. d3 O-O 8. O-O h6 9. f4 e6 10. h3 Ne8 11. Be3 Nd4 12. Qd2 Kh7
13. Rab1 Nc7 14. a3 Rb8 15. b4 b6 16. g4 f5 17. e5 Nxe2+ 18. Nxe2 cxb4 19. axb4
dxe5 20. fxe5 Bb7 21. gxf5 Rxf5 22. Rxf5 gxf5 23. Bxb7 Rxb7 24. d4 b5 25. Nf4
bxc4 26. Qg2 Qg5 27. Ra1 a6 28. Bd2 Bf8 29. Rc1 Qxg2+ 30. Kxg2 Bxb4 31. Be3 c3
32. Kf3 a5 33. Rg1 a4 34. Rg6 Be7 35. Rg2 Rb2 36. Rg1 a3 37. d5 exd5 38. e6 Bf6
39. e7 Ne8 40. Ng6 Bg7 41. Nf8+ Kh8 42. Ne6 a2 43. Nxg7 Rb1 44. Bd4 Rxg1 45.
Nxe8+ Kh7 46. Nf6+ Kg7 47. e8=Q Rf1+ 48. Kg2 Rg1+ 49. Bxg1 a1=Q 50. Qe7+ Kg6
51. Nxd5 Qb2+ 52. Bf2 c2 53. Qe6+ Kg7 54. Qe7+ Kg6 55. Nf4# 1-0

[Event "Ulm2007"]
[Site "Privat"]
[Date "2007.11.30"]
[Round "6"]
[White "Kühn, Bernd"]
[Black "Bühler, Jürgen"]
[Result "0-1"]
[WhiteElo "1634"]
[BlackElo "1937"]
[Annotator "Goda,Frederic"]
[PlyCount "60"]
[EventDate "2007.??.??"]
[TimeControl "40/5400+30:900+30"]

{512MB, Fritz8.ctg, SCHACHCOMP} 1. Nf3 g6 2. g3 Bg7 3. Bg2 e5 4. d3 Nc6 5. e4
d6 6. Nbd2 f5 7. c3 Be6 8. O-O Nh6 9. b4 O-O 10. Nb3 Nf7 11. h4 Qd7 12. Qc2
Rae8 13. Be3 h6 14. Rad1 Qe7 15. Bc1 Qf6 16. d4 Bc4 17. Rfe1 fxe4 18. dxe5
Nfxe5 19. Nxe5 Nxe5 20. Qxe4 Qxf2+ 21. Kh1 Qxg3 22. Re3 Qg4 23. Qxg4 Nxg4 24.
Rxe8 Rxe8 25. Kg1 Bxc3 26. Bxb7 Re1+ 27. Rxe1 Bxe1 28. Na5 Bxa2 29. Nc6 Bxh4
30. Nxa7 Bf2+ 0-1

[Event "Ulm2007"]
[Site "Privat"]
[Date "2007.11.30"]
[Round "6"]
[White "Jahn, Manfred"]
[Black "Geutebrück, Sebastian"]
[Result "1-0"]
[WhiteElo "1682"]
[BlackElo "1928"]
[Annotator "Goda,Frederic"]
[PlyCount "25"]
[EventDate "2007.??.??"]
[TimeControl "40/5400+30:900+30"]

{512MB, Fritz8.ctg, SCHACHCOMP} 1. d4 d5 2. c4 c6 3. Nc3 dxc4 4. e4 e5 5. Bxc4
Qxd4 6. Qb3 Qd7 7. Bg5 f6 8. Rd1 Qc7 9. Bxg8 fxg5 10. Nf3 Bg4 11. Bf7+ Qxf7 12.
Rd8+ Ke7 13. Qxb7+ 1-0

[Event "Ulm2007"]
[Site "Privat"]
[Date "2007.11.30"]
[Round "6"]
[White "Heinrich, Klaus"]
[Black "Rix, Michael"]
[Result "1-0"]
[WhiteElo "1806"]
[BlackElo "1617"]
[Annotator "Goda,Frederic"]
[PlyCount "72"]
[EventDate "2007.??.??"]
[TimeControl "40/5400+30:900+30"]

{512MB, Fritz8.ctg, SCHACHCOMP} 1. f4 d5 2. Nf3 c5 3. e3 g6 4. c3 Bg7 5. d4
cxd4 6. exd4 Nf6 7. Ne5 O-O 8. Nd2 Bf5 9. Qf3 Ne4 10. Bd3 Nxd2 11. Bxd2 Bxd3
12. Qxd3 f6 13. Ng4 e5 14. dxe5 fxe5 15. Nxe5 Bxe5 16. fxe5 Nc6 17. O-O-O Nxe5
18. Qd4 Nc6 19. Qc5 Qa5 20. Qxa5 Nxa5 21. Bh6 Rfd8 22. Rd3 Kf7 23. Re1 Rac8 24.
Re5 Nc6 25. Rexd5 Rxd5 26. Rxd5 Ke6 27. Rb5 Rc7 28. Kd2 a6 29. Rg5 Ne5 30. Rg3
Rd7+ 31. Kc2 Kf5 32. Bf8 Ke4 33. Rh3 b6 34. Bh6 Ng4 35. Rh4 Kf5 36. Bc1 Nf2 1-0

[Event "Ulm2007"]
[Site "Privat"]
[Date "2007.11.30"]
[Round "6"]
[White "Goda, Frederic"]
[Black "Over, Klaus"]
[Result "0-1"]
[WhiteElo "1600"]
[BlackElo "2000"]
[Annotator "Goda,Frederic"]
[PlyCount "54"]
[EventDate "2007.??.??"]
[TimeControl "40/5400+30:900+30"]

{512MB, Fritz8.ctg, SCHACHCOMP} 1. d4 Nf6 2. Bf4 g6 3. e3 Bg7 4. Nf3 O-O 5. Be2
d5 6. O-O c5 7. c3 b6 8. h3 Bb7 9. Nbd2 Nbd7 10. Ne5 Nxe5 11. Bxe5 Re8 12. Bb5
Rf8 13. Be2 Rc8 14. a4 a6 15. h4 Re8 16. f3 Bh6 17. Kf2 Nd7 18. Bf4 e5 19. Bg3
exd4 20. exd4 Be3+ 21. Ke1 cxd4 22. cxd4 Bxd4 23. Ne4 Bxb2 24. Nd6 Qc7 25. Rf2
Qc3+ 26. Kf1 Bxa1 27. Nxb7 Qe3 0-1

[Event "Ulm2007"]
[Site "Privat"]
[Date "2007.11.30"]
[Round "6"]
[White "Förderreuther, Jonas"]
[Black "Hartmann, Thomas"]
[Result "1-0"]
[WhiteElo "1493"]
[BlackElo "1863"]
[Annotator "Goda,Frederic"]
[PlyCount "55"]
[EventDate "2007.??.??"]
[TimeControl "40/5400+30:900+30"]

{512MB, Fritz8.ctg, SCHACHCOMP} 1. e4 b6 2. d4 Bb7 3. Nc3 e6 4. Bd3 Bb4 5. Nf3
Ne7 6. O-O O-O 7. e5 h6 8. Ne4 Ng6 9. Be3 Be7 10. Qd2 Kh7 11. h4 Bxh4 12. g3 f5
13. exf6 Bxf6 14. Nxf6+ Qxf6 15. Nh4 Kg8 16. Bxg6 d6 17. Qd3 Ba6 18. c4 Nd7 19.
Bh7+ Kf7 20. Qg6+ Ke7 21. Qxf6+ Rxf6 22. Bd3 g5 23. Ng2 e5 24. d5 e4 25. Bxe4
Bxc4 26. Rfc1 Ne5 27. Bd4 b5 28. b3 1-0

[Event "Ulm2007"]
[Site "Privat"]
[Date "2007.11.30"]
[Round "6"]
[White "Nissl, Michael"]
[Black "von Schwerin, Clemens"]
[Result "1-0"]
[WhiteElo "1800"]
[BlackElo "1581"]
[Annotator "Goda,Frederic"]
[PlyCount "89"]
[EventDate "2007.??.??"]
[TimeControl "40/5400+30:900+30"]

{512MB, Fritz8.ctg, SCHACHCOMP} 1. e4 c6 2. d4 d5 3. e5 Bf5 4. Nc3 e6 5. g4 Bg6
6. Nge2 c5 7. h4 h5 8. Nf4 Nc6 9. Nxg6 fxg6 10. Be3 Nh6 11. Bd3 cxd4 12. Bxg6+
Kd7 13. Bxd4 Nxg4 14. f4 Nxd4 15. Qxd4 Qb6 16. Qxb6 axb6 17. Ke2 Bb4 18. Nb5
Raf8 19. Rhf1 Bc5 20. Rf3 Nh6 21. Rd1 Nf5 22. Bxf5 Rxf5 23. Nd4 Bxd4 24. Rxd4
Rhf8 25. Ke3 Rc8 26. c3 Ra8 27. a3 b5 28. Rf1 Ra4 29. Rg1 Rf7 30. Rg5 Rxd4 31.
cxd4 Ke7 32. Rxh5 Rf8 33. Rg5 Kf7 34. f5 Rh8 35. fxe6+ Kxe6 36. Rxg7 Rxh4 37.
Rxb7 Rh3+ 38. Kd2 Rh4 39. Kc3 Rh3+ 40. Kb4 Rh2 41. b3 Rh3 42. Rxb5 Rd3 43. Rb6+
Kd7 44. Rd6+ Kc7 45. Rxd5 1-0

[Event "Ulm2007"]
[Site "Privat"]
[Date "2007.11.30"]
[Round "6"]
[White "Späth, Gerhard"]
[Black "Andritzke, Karl-Heinz"]
[Result "1-0"]
[WhiteElo "1675"]
[BlackElo "1405"]
[Annotator "Goda,Frederic"]
[PlyCount "109"]
[EventDate "2007.??.??"]
[TimeControl "40/5400+30:900+30"]

{512MB, Fritz8.ctg, SCHACHCOMP} 1. e4 c5 2. Nf3 d6 3. d4 cxd4 4. Nxd4 Nf6 5.
Nc3 e6 6. Be3 a6 7. Qd2 Be7 8. f3 b5 9. Bd3 Bb7 10. g4 Nc6 11. Nxc6 Bxc6 12.
O-O-O b4 13. Ne2 O-O 14. Nd4 Qc7 15. Kb1 Rfd8 16. h4 Nd7 17. h5 a5 18. g5 Ne5
19. g6 fxg6 20. f4 Nxd3 21. Nxe6 Qb7 22. Nxd8 Rxd8 23. cxd3 Be8 24. hxg6 h6 25.
f5 Bf6 26. Qc2 d5 27. Qb3 a4 28. Qc2 Rc8 29. Qg2 dxe4 30. Qxe4 Bc6 31. Qe6+ Kh8
32. Rc1 Bd7 33. Rxc8+ Qxc8 34. Qd6 Bxf5 35. Rc1 Qd7 36. Qxd7 Bxd7 37. Rc4 Bf5
38. Kc2 b3+ 39. axb3 axb3+ 40. Kxb3 Bxg6 41. Rg4 Bxd3 42. Bd4 Bf5 43. Rf4 Be6+
44. Kc3 Bxd4+ 45. Kxd4 Kh7 46. Ke5 Bb3 47. Rf3 Bd1 48. Rd3 Be2 49. Rd2 Bc4 50.
b4 h5 51. Kf5 Bf7 52. b5 Kh6 53. Rd6+ g6+ 54. Kf6 Bc4 55. Rd8 1-0

[Event "Ulm2007"]
[Site "Privat"]
[Date "2007.11.30"]
[Round "6"]
[White "Krauß, Rainer"]
[Black "Sauter, Berthold"]
[Result "1-0"]
[WhiteElo "1708"]
[BlackElo "1380"]
[Annotator "Goda,Frederic"]
[PlyCount "79"]
[EventDate "2007.??.??"]
[TimeControl "40/5400+30:900+30"]

{512MB, Fritz8.ctg, SCHACHCOMP} 1. e4 c6 2. d4 d5 3. e5 Bf5 4. Bd3 Bxd3 5. Qxd3
e6 6. Nf3 Nd7 7. O-O Ne7 8. b3 Nf5 9. c4 Be7 10. Nc3 Qc7 11. cxd5 cxd5 12. Nxd5
Qd8 13. Nxe7 Qxe7 14. a4 Rc8 15. Ba3 Qd8 16. Rac1 Ne7 17. Rxc8 Qxc8 18. Rc1 Qd8
19. Bxe7 Kxe7 20. Qb5 Qb6 21. Qxb6 axb6 22. Rc7 Rb8 23. Ng5 Kd8 24. Rc1 Ra8 25.
Nxf7+ Ke7 26. Nd6 Rf8 27. Nxb7 Rf4 28. Rd1 Re4 29. Kf1 Rf4 30. Nd6 Nb8 31. Nc8+
Kf7 32. Nxb6 Nc6 33. Nc4 Ke7 34. d5 exd5 35. Rxd5 Nb4 36. Rd2 g5 37. a5 Rf8 38.
Nb6 Ke6 39. Nc4 Rb8 40. Rd6+ 1-0

[Event "Ulm2007"]
[Site "Privat"]
[Date "2007.11.30"]
[Round "6"]
[White "Rissmann, Klaus"]
[Black "Stiller, Norbert"]
[Result "1-0"]
[WhiteElo "1494"]
[BlackElo "1332"]
[Annotator "Goda,Frederic"]
[PlyCount "64"]
[EventDate "2007.??.??"]
[TimeControl "40/5400+30:900+30"]

{512MB, Fritz8.ctg, SCHACHCOMP} 1. b4 d6 2. Bb2 e5 3. e3 g6 4. h4 Nc6 5. b5
Nce7 6. f4 Bg7 7. g4 b6 8. Bg2 Rb8 9. c4 Nh6 10. Bf3 Be6 11. d3 O-O 12. Nh3 c6
13. a4 Qc8 14. Nf2 f6 15. Nd2 d5 16. Rc1 exf4 17. exf4 Re8 18. O-O f5 19. Bxg7
Kxg7 20. g5 Ng4 21. Bxg4 fxg4 22. cxd5 Nxd5 23. Rxc6 Qb7 24. Nc4 Nb4 25. Qa1+
Kf8 26. Rc1 Nd5 27. Nd6 Qg7 28. Qxg7+ Kxg7 29. Nxe8+ Rxe8 30. Ne4 Nxf4 31. Rc7+
Kf8 32. Rf1 Kg8 1-0

[Event "Ulm2007"]
[Site "Privat"]
[Date "2007.11.30"]
[Round "6"]
[White "Rissmann, Uli"]
[Black "Hörsch, Heiner"]
[Result "0-1"]
[WhiteElo "2059"]
[BlackElo "2016"]
[Annotator "Goda,Frederic"]
[PlyCount "40"]
[EventDate "2007.??.??"]
[TimeControl "40/5400+30:900+30"]

{512MB, Fritz8.ctg, SCHACHCOMP} 1. d4 Nf6 2. Nc3 d5 3. Bg5 g6 4. Qd2 Bg7 5. f3
O-O 6. O-O-O c6 7. h4 Qa5 8. Kb1 Nbd7 9. e4 dxe4 10. fxe4 e5 11. dxe5 Nxe5 12.
Nf3 Bg4 13. Be2 Rad8 14. Qf4 Rxd1+ 15. Rxd1 Nh5 16. Qd2 Ng3 17. Bd8 b6 18. Nxe5
Nxe2 19. Nxe2 Qxe5 20. Qc1 Bxe2 0-1

[Event "Ulm2007"]
[Site "Privat"]
[Date "2007.11.30"]
[Round "6"]
[White "Fischer, Heidi"]
[Black "Hörsch, Florian"]
[Result "1/2-1/2"]
[WhiteElo "1479"]
[BlackElo "1013"]
[Annotator "Goda,Frederic"]
[PlyCount "50"]
[EventDate "2007.??.??"]
[TimeControl "40/5400+30:900+30"]

{512MB, Fritz8.ctg, SCHACHCOMP} 1. c4 Nf6 2. Nf3 d5 3. d4 e6 4. Nc3 c5 5. Bg5
dxc4 6. e4 Be7 7. dxc5 O-O 8. Bxc4 Nc6 9. a3 e5 10. h3 Be6 11. Bxf6 Bxf6 12.
Nd5 Bxd5 13. Bxd5 Nd4 14. b4 Qc7 15. O-O Rad8 16. Re1 Rfe8 17. Rc1 Re7 18. Rc3
a5 19. Qa4 axb4 20. axb4 Qd7 21. Qa2 Qb5 22. Nxd4 exd4 23. Rcc1 Qxb4 24. Qb1
Qxb1 25. Rxb1 Rc7 1/2-1/2

[Event "Ulm2007"]
[Site "Privat"]
[Date "2007.11.30"]
[Round "6"]
[White "Hengstberger, Uli"]
[Black "Sturm, Paul"]
[Result "1-0"]
[WhiteElo "1450"]
[BlackElo "1448"]
[Annotator "Goda,Frederic"]
[PlyCount "94"]
[EventDate "2007.??.??"]
[TimeControl "40/5400+30:900+30"]

{512MB, Fritz8.ctg, SCHACHCOMP} 1. c4 Nf6 2. d4 g6 3. Nc3 Bg7 4. e4 d6 5. Nf3
O-O 6. Be2 b6 7. O-O Bb7 8. d5 c6 9. Nd4 a6 10. Be3 Nfd7 11. f4 e5 12. dxe6 Nc5
13. exf7+ Rxf7 14. b4 Bxd4 15. Bxd4 Ne6 16. f5 Nxd4 17. Qxd4 c5 18. bxc5 bxc5
19. Qd3 Qf8 20. fxg6 hxg6 21. Rxf7 Qxf7 22. Qxd6 Nd7 23. Rf1 Qg7 24. Qe6+ Kh8
25. Nd5 Qd4+ 26. Kh1 Bxd5 27. exd5 Nf8 28. Qf6+ Kg8 29. Qxd4 cxd4 30. Kg1 Kg7
31. Rf4 Rb8 32. Rxd4 Rb1+ 33. Kf2 Rb2 34. a3 Rb3 35. Rd3 Rb2 36. c5 a5 37. c6
Rc2 38. d6 Rxc6 39. d7 Rf6+ 40. Bf3 Nxd7 41. Rxd7+ Rf7 42. Rxf7+ Kxf7 43. Ke3
Ke6 44. Kd4 Kd6 45. h4 Kc7 46. h5 gxh5 47. Bxh5 Kb6 1-0

[Event "Ulm2007"]
[Site "Privat"]
[Date "2007.11.30"]
[Round "6"]
[White "Huppertz, Anton"]
[Black "von Schwerin, Reinhold"]
[Result "1-0"]
[WhiteElo "1316"]
[BlackElo "1331"]
[Annotator "Goda,Frederic"]
[PlyCount "53"]
[EventDate "2007.??.??"]
[TimeControl "40/5400+30:900+30"]

{512MB, Fritz8.ctg, SCHACHCOMP} 1. e4 d6 2. d4 Nf6 3. Nc3 g6 4. Nf3 Bg7 5. h3
Nbd7 6. Be3 c6 7. Qd2 b5 8. a3 Bb7 9. Bh6 Rg8 10. Bxg7 Rxg7 11. Qh6 Kf8 12. Bd3
e5 13. dxe5 Nxe5 14. Nxe5 dxe5 15. Rd1 Qe7 16. O-O Ng8 17. Qe3 g5 18. Be2 a6
19. Bg4 Bc8 20. Bxc8 Rxc8 21. Qb6 Qc7 22. Qxc7 Rxc7 23. Rd8+ Ke7 24. Rfd1 a5
25. Ne2 Nf6 26. Ng3 Rg8 27. Nf5+ 1-0

[Event "Ulm2007"]
[Site "Privat"]
[Date "2007.11.30"]
[Round "6"]
[White "Stork, Simon"]
[Black "Haitov, Haim"]
[Result "0-1"]
[WhiteElo "1128"]
[BlackElo "1430"]
[Annotator "Goda,Frederic"]
[PlyCount "58"]
[EventDate "2007.??.??"]
[TimeControl "40/5400+30:900+30"]

{512MB, Fritz8.ctg, SCHACHCOMP} 1. e4 c5 2. Nf3 Nc6 3. d4 cxd4 4. Nxd4 Nf6 5.
Nc3 e5 6. Ndb5 d6 7. Nd5 Nxd5 8. exd5 Ne7 9. c4 a6 10. Nc3 Ng6 11. Be2 Be7 12.
O-O Bg5 13. Re1 Bxc1 14. Rxc1 O-O 15. b4 f5 16. c5 Nf4 17. Bc4 Qg5 18. g3 Nh3+
19. Kg2 f4 20. Ne4 Qg6 21. Rf1 Qxe4+ 22. f3 Qg6 23. c6 b6 24. a4 b5 25. axb5
axb5 26. Bxb5 Ra2+ 27. Be2 fxg3 28. hxg3 Nf4+ 29. Kf2 Nxe2 0-1

[Event "Ulm2007"]
[Site "Privat"]
[Date "2007.12.14"]
[Round "7"]
[White "Anistratov, Dimitrij"]
[Black "Hörsch, Heiner"]
[Result "1-0"]
[WhiteElo "2314"]
[BlackElo "2016"]
[Annotator "Goda,Frederic"]
[PlyCount "67"]
[EventDate "2007.??.??"]
[TimeControl "40/7200:0"]

{512MB, Fritz8.ctg, SCHACHCOMP} 1. e4 g6 2. d4 Bg7 3. Nf3 d6 4. Nc3 Nf6 5. h3
O-O 6. Be3 c6 7. a4 e5 8. dxe5 dxe5 9. Qxd8 Rxd8 10. Bc4 Nbd7 11. O-O Nh5 12.
Rfd1 Re8 13. Rd2 Bf6 14. Rad1 Nf8 15. Ng5 Bxg5 16. Bxg5 Be6 17. Bf1 f6 18. Be3
f5 19. a5 Nf6 20. f3 Re7 21. Rd6 Rd7 22. Na4 Rxd6 23. Rxd6 fxe4 24. Nc5 Ne8 25.
Rxe6 Nxe6 26. Bc4 exf3 27. Bxe6+ Kg7 28. Nxb7 Rb8 29. a6 Nc7 30. Bc4 Rc8 31.
gxf3 Nd5 32. Bc5 Kf6 33. b4 Nc7 34. Kf2 1-0

[Event "Ulm2007"]
[Site "Privat"]
[Date "2007.12.14"]
[Round "7"]
[White "Gebhardt, Uwe"]
[Black "Smolny, Frieder"]
[Result "1-0"]
[WhiteElo "1995"]
[BlackElo "1928"]
[Annotator "Goda,Frederic"]
[PlyCount "97"]
[EventDate "2007.??.??"]
[TimeControl "40/5400+30:0"]

{512MB, Fritz8.ctg, SCHACHCOMP} 1. d4 d5 2. c4 c6 3. Nc3 Nf6 4. Bg5 e6 5. cxd5
cxd5 6. e3 Bd6 7. Nf3 O-O 8. Bd3 b6 9. O-O Ba6 10. Nb5 Bxb5 11. Bxb5 a6 12. Qa4
Nbd7 13. Bd3 Qb8 14. Rfc1 Rc8 15. Rc6 b5 16. Qc2 Rxc6 17. Qxc6 Ra7 18. g3 Qc7
19. Rc1 Nb8 20. Qxc7 Rxc7 21. Rxc7 Bxc7 22. Nd2 Nfd7 23. e4 Nc6 24. exd5 exd5
25. Nb3 Bb6 26. Bf5 Nf8 27. Bc8 Ne6 28. Be3 a5 29. Bb7 Nb4 30. a3 Nc2 31. Bxd5
Nxe3 32. fxe3 a4 33. Bxe6 axb3 34. Bxb3 Ba5 35. a4 bxa4 36. Bxa4 f6 37. Kf2 Kf7
38. Ke2 Ke6 39. Kd3 h5 40. Be8 h4 41. gxh4 Kd5 42. e4+ Ke6 43. Kc4 Bc7 44. h3
f5 45. e5 Bb6 46. h5 Ba7 47. Bc6 Bb6 48. Bb7 Ba7 49. Bc8+ 1-0

[Event "Ulm2007"]
[Site "Privat"]
[Date "2007.12.14"]
[Round "7"]
[White "Locher, Klaus"]
[Black "Schulze, Andreas"]
[Result "0-1"]
[WhiteElo "1816"]
[BlackElo "2146"]
[Annotator "Goda,Frederic"]
[PlyCount "72"]
[EventDate "2007.??.??"]
[TimeControl "40/5400+30:0"]

{512MB, Fritz8.ctg, SCHACHCOMP} 1. c4 Nf6 2. Nc3 e6 3. e4 d5 4. e5 Ne4 5. Nxe4
dxe4 6. Qg4 c5 7. Qxe4 Nc6 8. Nf3 Qd7 9. b3 b6 10. Bb2 Bb7 11. Qe3 Nb4 12. Qc3
Be4 13. d3 Bxd3 14. Bxd3 Qxd3 15. Qxd3 Nxd3+ 16. Kd2 O-O-O 17. Kc2 Nxf2 18.
Rhf1 Ng4 19. Rae1 Be7 20. Bc1 h5 21. Bg5 Rd7 22. h3 Nh6 23. Bxe7 Rxe7 24. Nd2
Nf5 25. Ne4 h4 26. Rf4 Rd7 27. Nd6+ Nxd6 28. exd6 Rh5 29. Ree4 e5 30. Rxh4 Rxh4
31. Rxh4 f6 32. Rg4 Kb7 33. Rg6 Kc6 34. g4 Kxd6 35. Kd3 Ke6+ 36. Ke3 Kf7 0-1

[Event "Ulm2007"]
[Site "Privat"]
[Date "2007.12.14"]
[Round "7"]
[White "Maier, Arnd"]
[Black "Gallwitz, Helge"]
[Result "1-0"]
[WhiteElo "2047"]
[BlackElo "2070"]
[Annotator "Goda,Frederic"]
[PlyCount "67"]
[EventDate "2007.??.??"]
[TimeControl "40/5400+30:0"]

{512MB, Fritz8.ctg, SCHACHCOMP} 1. d4 f5 2. c4 Nf6 3. Nc3 g6 4. Nf3 Bg7 5. g3
d6 6. Bg2 O-O 7. O-O Qe8 8. d5 a5 9. Nd4 Na6 10. b3 Qf7 11. Bb2 g5 12. Qd2 Bh6
13. Ne6 Bxe6 14. dxe6 Qh5 15. Nd5 Nxd5 16. cxd5 Nc5 17. a3 Qg6 18. b4 axb4 19.
axb4 Rxa1 20. Rxa1 Ne4 21. Qc2 Bg7 22. Ra7 Bxb2 23. Qxb2 f4 24. Qc2 fxg3 25.
Qxe4 gxf2+ 26. Kf1 Qh6 27. h3 Rf4 28. Qc2 g4 29. Ra8+ Kg7 30. Qxc7 Kf6 31. Qc3+
Kf5 32. e4+ Kg5 33. Rg8+ Kh4 34. hxg4 1-0